000
00288nam a22001337a 4500
008
181031b xxu||||| |||| 00| 0 eng d
020
_a
0721626998
041
_a
eng
080
_a
610.73
100
_a
2
101
_a
INF
245
_a
Orthopaedic Nursing
_c
Maher, A.B
942
_2
udc
_c
BK
999
_c
51291
_d
51291